| 000 | 00634nam a22002177a 4500 | ||
|---|---|---|---|
| 003 | OSt | ||
| 005 | 20240719131349.0 | ||
| 008 | 240719b |||||||| |||| 00| 0 eng d | ||
| 020 | _a978354004295 | ||
| 040 |
_aMMU _beng _cMMU _dMMU |
||
| 050 | _aTK7871.85 .T53413 2008 | ||
| 100 |
_aTietze, U. _9977 |
||
| 245 |
_aElectronic circuits: _bhandbook for design and application/ _cU Tietze,Ch. Schenk, E. Gamm |
||
| 250 | _a2nd ed. | ||
| 260 |
_aUnknown: _bSpringer, _c2008. |
||
| 300 |
_axxiii, 1543 p.: _bill.; |
||
| 500 | _aIncludes index. | ||
| 650 |
_aElectric circuits _9777 |
||
| 700 |
_aSchenk, Ch _9978 |
||
| 942 |
_2lcc _cLOAN LOAN |
||
| 999 |
_c32804 _d32801 |
||